Estudio de las variables termico-ambientales para determinar la distribucion de los grados-dia en el estado de Morelos / Citlali Medrano Arce (Registro nro. 20122)
[ vista simple ]
| 000 -LÍDER | |
|---|---|
| fixed length control field | 00658nam a2200133 4500 |
| 008 - ELEMENTOS DE LONGITUD FIJA -- INFORMACIÓN GENERAL | |
| fixed length control field | 02007 2007 0a 000 0Mex |
| 050 ## - SIGNATURA TOPOGRAFICA DE LA BIBLIOTECA DEL CONGRESO (LC) | |
| Número de Clasificación | TK153 T4 M4 2007 |
| 082 ## - NUMERO DE CLASIFICACION DECIMAL DEWEY | |
| Número de Clasificación | 551.525 M4e |
| 100 ## - ASIENTO PRINCIPAL--NOMBRE PERSONAL | |
| Nombre personal | Medrano Arce, Citlali |
| 245 ## - TÍTULO | |
| Título | Estudio de las variables termico-ambientales para determinar la distribucion de los grados-dia en el estado de Morelos / Citlali Medrano Arce |
| 300 ## - DESCRIPCIÓN FÍSICA | |
| Extensión | 204 p / 29 cm |
| 502 ## - NOTA DE TESIS | |
| Nota de tesis | Estudio de las variables termico-ambientales para determinar la distribucion de los grados-dia en el estado de Morelos I.T.Z. (Ing. Electromecanica) M.C. Miguel Angel Chagolla Gaona |
| 650 ## - ASIENTO SECUNDARIO DE MATERIA - TERMINO TEMÁTICO | |
| Término temático o nombre geográfico como elemento de entrada | 1. TERMODINAMICA / 2. VARIABLES CLIMATICAS |
| No. biblioteca | No. biblioteca | Número de clasificación | Código de barras/Número de adquisición | Número de copia | Tipo de material |
|---|---|---|---|---|---|
| LUIS G. INCLAN | LUIS G. INCLAN | 551.525 M4e | E530-2007 | 1 | Libros |
